Представление документа в формате RUSMARC

ПолеНазваниеЗначение
  Тип записи a
  Библиографический уровень a
001 Контрольный номер UONB/MAIN/94f40019caae4e928c95f4da6358024a
005 Дата корректировки 20260401170250.6
100 Данные общей обработки __
a Данные общей обработки 20260401 ||| 0rusy0189 ca
101 Язык документа 0_
a Язык текста rus
102 Страна публикации __
a Страна публикации RU
200 Заглавие и сведения об ответственности 1_
a Заглавие Хранители очагов культуры
f Первые сведения об ответственности Д. Борисов
203 Вид содержания и тип средства __
a Вид содержания Текст
b Характеристика содержания визуальный
c Тип средства непосредственный
215 Физическое описание __
c Иллюстрации/тип воспроизводства ил., портр.
330 Аннотация __
a Аннотация Работники культуры Кузоватовского района.
461 Уровень набора _0
1 2000
a Кузоватовские вести
463 Уровень физической единицы _0
1 2000
a № 12 (11281) (20 марта)
v С. 6
1 2101
d 2026
1 001UONB/MAIN/64d1984ea7e74db6b68976eabbfe91ca
600 Персоналии _1
a Персоналии (Фамилия) Кулагина
b Персоналии (Имя, инициалы) Г. Н.
g Полное имя Галина Николаевна
600 Персоналии _1
a Персоналии (Фамилия) Осипова
b Персоналии (Имя, инициалы) В. А.
g Полное имя Валентина Алексеевна
600 Персоналии _1
a Персоналии (Фамилия) Осипов
b Персоналии (Имя, инициалы) А.
g Полное имя Алексей
600 Персоналии _1
a Персоналии (Фамилия) Барышева
b Персоналии (Имя, инициалы) Ю. П.
g Полное имя Юлия Петровна
601 Наименование организации как предмет 02
a Наименование организации как предмет Краснобалтийский СДК (Кузоватовский район ; Ульяновская область)
601 Наименование организации как предмет 02
a Наименование организации как предмет Хвостихинский филиал Кузоватовской межпоселенческой библиотечной системы
601 Наименование организации как предмет 02
a Наименование организации как предмет Хвостихинский СДК (Кузоватовский район ; Ульяновская область)
607 Географические рубрики __
a Географическое наименование Кузоватовский район (Ульяновская область)
610 Ключевые слова 0_
a Ключевые слова работники культуры; культорганизаторы; клубная работа; библиотекари; участники СВО
686 Индексы других классификаций __
2 Код системы rubbk
a Классификационный индекс 77.200.587
686 Индексы других классификаций __
2 Код системы rubbk
a Классификационный индекс 78.340.671.34
700 Автор _1
a Фамилия Борисов
b Имя (инициалы) Д.
g Полное личное имя Дмитрий
801 Источник записи _0
a Страна RU
b Организация Ульяновская ОНБ
c Дата составления 20260401
g Правила каталогизации RCR
801 Источник записи _1
a Страна RU
b Организация Ульяновская ОНБ
c Дата составления 20260401
g Правила каталогизации RCR
901 Тип документа __
t Тип документа f
w Контрольный № источника UONB/MAIN/64d1984ea7e74db6b68976eabbfe91ca
909 Создатель записи __
a Создатель записи Мухаметжанова
b Дата создания записи 20260401